Online
Catalog

Merengue : (Record no. 392)

MARC details
000 -CABECERA
campo de control de longitud fija 02002nam a2200313 a 4500
001 - NÚMERO DE CONTROL
campo de control 000000393
003 - IDENTIFICADOR DEL NÚMERO DE CONTROL
campo de control DO-SdBNP
005 - FECHA Y HORA DE LA ÚLTIMA TRANSACCIÓN
campo de control 20210728102633.0
008 - DATOS DE LONGITUD FIJA--INFORMACIÓN GENERAL
campo de control de longitud fija 081112s2007 dr ac 000 0 spa d
020 ## - NÚMERO INTERNACIONAL ESTÁNDAR DEL LIBRO
Número Internacional Estándar del Libro 9789993442677
020 ## - NÚMERO INTERNACIONAL ESTÁNDAR DEL LIBRO
Número Internacional Estándar del Libro 9993442674
040 ## - FUENTE DE LA CATALOGACIÓN
Centro catalogador/agencia de origen DO-SdBNP
Lengua de catalogación spa
Centro/agencia transcriptor BNPHU
082 ## - NÚMERO DE LA CLASIFICACIÓN DECIMAL DEWEY
Número de clasificación 781.63
Número de documento/Ítem A934m
100 1# - ENTRADA PRINCIPAL--NOMBRE DE PERSONA
Nombre de persona Austerlitz, Paul
9 (RLIN) 1315
245 10 - MENCIÓN DE TÍTULO
Título Merengue :
Resto del título música e identidad dominicana /
Mención de responsabilidad, etc. Paul Austerlitz; prólogo Robert Farris Thomopson; Traducción María Luisa Santoni.
260 ## - PUBLICACIÓN, DISTRIBUCIÓN, ETC.
Lugar de publicación, distribución, etc. Santo Domingo :
Nombre del editor, distribuidor, etc. Secretaría de Estado de Cultura,
Fecha de publicación, distribución, etc. 2007.
300 ## - DESCRIPCIÓN FÍSICA
Extensión 283 p. :
Otras características físicas il., retrs. ;
Dimensiones 23 cm.
500 ## - NOTA GENERAL
Nota general Incluye datos biográficos de la autora en la solapa de la cubierta
505 0# - NOTA DE CONTENIDO CON FORMATO
Título Agradecimientos --
-- Presentación /
Mención de responsabilidad Basilio Belliard --
Título Paul Austerlitz y los estudios de la música dominicana --
-- Prólogo a la edición en español /
Mención de responsabilidad Darío Tejeda --
Título Prólogo a la edición en inglés /
Mención de responsabilidad Robert Farris Thompson --
Título Prefacio --
-- Introducción --
-- Primera parte: la historia del merengue: 1854-1961 --
-- El merengue caribeño del siglo XIX --
-- Merengue cibaeño: nacionalismo cultural y resistencia --
-- La música y el Estado: el merengue durante la Era de Trujillo, 1930-1961 --
-- Segunda parte: la era contemporánea, 1961-119 --
-- El merengue en la comunidad transnacional --
-- Innovación y temas sociales en el merengue pop --
-- El merengue en el escenario mundial --
-- Persistencia del locacismo --
-- Conclusiones --
-- Epílogo /
Mención de responsabilidad José G. Guerrero --
Título Notas --
-- Bibliografía.
590 ## - NOTA LOCAL (RLIN)
Nota local Inventariado, 2019/MFF
650 14 - PUNTO DE ACCESO ADICIONAL DE MATERIA--TÉRMINO DE MATERIA
Término de materia o nombre geográfico como elemento de entrada Merengue (baile)
Subdivisión geográfica República Dominicana
Subdivisión cronológica 1854-1961
9 (RLIN) 1316
650 14 - PUNTO DE ACCESO ADICIONAL DE MATERIA--TÉRMINO DE MATERIA
Término de materia o nombre geográfico como elemento de entrada Merengue (música)
Subdivisión geográfica República Dominicana
Subdivisión cronológica 1854-1961
9 (RLIN) 1317
650 14 - PUNTO DE ACCESO ADICIONAL DE MATERIA--TÉRMINO DE MATERIA
Término de materia o nombre geográfico como elemento de entrada Música popular dominicana
Subdivisión cronológica Siglo XX
9 (RLIN) 1318
650 14 - PUNTO DE ACCESO ADICIONAL DE MATERIA--TÉRMINO DE MATERIA
Término de materia o nombre geográfico como elemento de entrada Música popular dominicana
Subdivisión general Historia y crítica
9 (RLIN) 1099
700 1# - PUNTO DE ACCESO ADICIONAL--NOMBRE DE PERSONA
Nombre de persona Farris Thomopson, Robert,
Término indicativo de función/relación pról.
9 (RLIN) 1319
700 1# - PUNTO DE ACCESO ADICIONAL--NOMBRE DE PERSONA
Nombre de persona Santoni, María Luisa,
Término indicativo de función/relación tr.
9 (RLIN) 1320
910 ## - DATOS DE OPCIÓN DEL USUARIO (OCLC)
Datos de opción del usuario Validado. Control de calidad MFF
942 ## - ELEMENTOS DE PUNTO DE ACCESO ADICIONAL (KOHA)
Fuente del sistema de clasificación o colocación Dewey Decimal Classification
Tipo de ítem Koha Libro
Holdings
Estado de retiro Estado de pérdida No para préstamo Código de colección Localización permanente Ubicación/localización actual Ubicación en estantería Fecha de adquisición Número de inventario Total de préstamos Signatura topográfica completa Código de barras Fecha visto por última vez Precio válido a partir de Tipo de ítem Koha Número de copia Restricciones de uso
    Préstamo restrigido Patrimonio Dominicano Biblioteca Nacional Pedro Henríquez Ureña Biblioteca Nacional Pedro Henríquez Ureña Depósito 24.07.2009 LF1   781.63 A934m 393-10 25.06.2020 25.06.2020 Libros y folletos    
    Préstamo restrigido Patrimonio Dominicano Biblioteca Nacional Pedro Henríquez Ureña Biblioteca Nacional Pedro Henríquez Ureña Depósito 24.07.2009 LF1   781.63 A934m 393-20 25.06.2020 25.06.2020 Libros y folletos e. 2  
    Préstamo restrigido Patrimonio Dominicano Biblioteca Nacional Pedro Henríquez Ureña Biblioteca Nacional Pedro Henríquez Ureña Depósito 24.07.2009 LF1   781.63 A934m 393-30 25.06.2020 25.06.2020 Libros y folletos e. 3 Préstamo interno
    Préstamo restrigido Patrimonio Dominicano Biblioteca Nacional Pedro Henríquez Ureña Biblioteca Nacional Pedro Henríquez Ureña Depósito 19.05.2015 LF1   781.63 A934m 393-40 25.06.2020 25.06.2020 Libros y folletos e. 4  

Powered by Koha